| 000 | 02213cam a2200361 i 4500 | ||
|---|---|---|---|
| 999 |
_c26633 _d26633 |
||
| 003 | BJBSDDR | ||
| 005 | 20230410103828.0 | ||
| 007 | ta | ||
| 008 | 140303s2006 sp a 000 0 spa | ||
| 020 | _a8478843361 | ||
| 020 | _a9788478843367 | ||
| 040 |
_bspa _cBJBSDDR |
||
| 041 | _aspa | ||
| 050 | 1 | 4 |
_aHV 6433 _bB525m 2006 |
| 100 | 1 |
_aBerner, Brad K., _d1952- |
|
| 240 | 1 | 0 |
_aWorld according to Al Qaeda. _lEspañol |
| 245 | 0 | 3 |
_aEl Mundo según Al Qaeda : _bTextos sin comentarios / _cBrad K. Berner ; [traductor, Carlos Miguel Martínez Ortiz]. |
| 260 |
_aMadrid : _bEditorial Popular, _c2006 |
||
| 300 |
_a270 p. ; _c21 cm. |
||
| 490 | 1 |
_aO a la izquierda ; _v25 |
|
| 500 | _aIncluye glosario de terminos y cronología de eventos. | ||
| 504 | _aIncluye bibliografía e índice. | ||
| 520 | _aFundada a finales de la década de 1980, Al Qaeda, bajo la dirección de Osama Bin Laden, ha simbolizado para muchos el terrorismo contemporáneo. Sin embargo, para una significativa minoría fundamentalista islámica, representa una fuerza que resiste la usurpación de Occidente y los regímenes apóstatas que gobiernan los países musulmanes. La Al Qaeda de la décadade 1990 dejó de existir. A pesar de sufrir serios reveses con la pérdida de sus campos de entrenamiento en Afganistán y la captura o muerte de algunos de sus cuadros y líderes, Al Qaeda permanece como una organización más descentralizada y cree haber tenido éxito en su autoproclamado rol de "detonador" con el arribo de individuos y organizaciones con ideas afines que están acometiendo una violenta Jihad en todo el mundo. La proclama de su ideología se comprende mejor en las propias palabras de Al Qaeda y en las palabras de las organizaciones afiliadas y sus defensores. Por esta razón, se ha configurado esta compilación. -- Contraportada | ||
| 600 | 1 | 4 |
_aBin Laden, Osama, _d1957-2011. |
| 610 | 2 | 4 | _aAl Qaeda (Organización) |
| 650 | 4 |
_aBin Laden, Osama, 1957-2011 _xCitas máximas etc. |
|
| 650 | 4 |
_aFundamentalismo islámico _94640 |
|
| 650 | 4 |
_aTerrorismo _93683 |
|
| 700 | 1 |
_95736 _aMartínez Ortiz, Carlos Miguel _etraductor |
|
| 830 |
_a0 a la izquierda _95735 |
||
| 942 |
_2lcc _cBK |
||
| 946 | _arsfv | ||